000 00729nam a22002177a 4500
999 _c158455
_d158455
005 20181030102802.0
010 _aENG-124403
020 _a9789352533800
_c599.00
035 _aEN-107935
037 _bDBAD/PUB
082 _a620.136
100 _aShetty MS
245 _aConcrete technology:
_cby MS Shetty [and] AK Jain
_btheory and practice /
250 _a8th revi. ed.
260 _aNew Delhi
_bS.Chand and Company Limited
_c2019
270 _a7361, Ramnagar
_bNew Delhi
_e110055
_k011-23672080-81-82 9899107446, 9911310888
_l91-11-23677446
_minfo@schandgroup.com
300 _axxviii, 636p.
_c27cm(pbk)
_bill.
500 _aIt includes index
700 _aJain, AK
942 _2ddc
_cEN
_h620.136
_mSHE